Regulatory reform in road freight transport proceedings of the international seminar - february 2001

Saved in:
Bibliographic Details
Corporate Author: OECD. European Conference of Ministers of Transport
Format: Book
Language:English
Published: Paris OECD 2002
Subjects:
Tags: Add Tag
No Tags, Be the first to tag this record!

MARC

LEADER 00000nam a2200000 4500
001 c132923
005 20221124092755.5
020 |a 92-821-1369-8 
041 0 |a eng 
044 |a FR 
245 1 0 |a Regulatory reform in road freight transport  |b proceedings of the international seminar - february 2001 
264 1 |a Paris  |b OECD  |c 2002 
300 |a 96 s. 
610 2 0 |a doprava cestná nákladná 
610 2 0 |a reformy 
610 2 0 |a politika dopravná 
610 2 0 |a regulácia 
610 2 0 |a doprava medzinárodná 
610 2 0 |a porovnanie medzinárodné 
710 2 |a OECD. European Conference of Ministers of Transport